Environmental education (Record no. 7199)

MARC details
000 -LEADER
fixed length control field 00915 a2200229 4500
005 - DATE AND TIME OF LATEST TRANSACTION
control field 20080924165631.0
008 - FIXED-LENGTH DATA ELEMENTS--GENERAL INFORMATION
fixed length control field 080924t xxu||||| |||| 00| 0 eng d
010 ## - LCCN (DPL NO)
LC control number ENG-87859
020 ## - INTERNATIONAL STANDARD BOOK NUMBER
International Standard Book Number 818991538X
Terms of availability 680.00
035 ## - SYSTEM CONTROL NUMBER
System control number EN-71392
037 ## - SOURCE OF ACQUISITION
Source of stock number/acquisition D.B.Act / Pub
082 ## - DEWEY DECIMAL CLASSIFICATION NUMBER
Classification number 333.7
245 ## - TITLE STATEMENT
Title Environmental education
Statement of responsibility, etc edited by G. S. Bhalla and Hema Khanna
260 ## - PUBLICATION, DISTRIBUTION, ETC. (IMPRINT)
Place of publication, distribution, etc New Delhi
Name of publisher, distributor, etc Regal Publications
Date of publication, distribution, etc 2007
270 ## - ADDRESS
Address F-159, Rajouri Garden
City New Delhi
Postal code 110 027
Telephone number 011-45546396
Electronic mail address regalbookspub@yahoo.com
300 ## - PHYSICAL DESCRIPTION
Extent xviii, 259 p.
Dimensions 23 cm. (Hb.)
500 ## - GENERAL NOTE
General note Includes bibliograpgical references and index
700 ## - ADDED ENTRY--PERSONAL NAME
Personal name Bhalla, G. S.
700 ## - ADDED ENTRY--PERSONAL NAME
Personal name Bhalla, Hema
942 ## - ADDED ENTRY ELEMENTS (KOHA)
Institution code [OBSOLETE] dpl
Item type English Books
Call number prefix 333.07 / ENV
Source of classification or shelving scheme Dewey Decimal Classification
Classification part 333.07
Call number suffix ENV
Holdings
Withdrawn status Lost status Source of classification or shelving scheme Damaged status Not for loan Collection code Home library Current library Date acquired Cost, normal purchase price Total Checkouts Full call number Barcode Date last seen Copy number Cost, replacement price Koha item type
    Dewey Decimal Classification   Not For Loan Non-fiction D.B.Act.Division D.B.Act.Division 24/09/2008 680.00   333.07 ENV EN-71392 15/09/2008 1 680.00 English Books

© Delhi Public Library
Hit Counter
free hit counter